000 00792nam a22002537a 4500
003 OSt
005 20211208143410.0
008 211203b |||||||| |||| 00| 0 eng d
020 _aT199
040 _cSTCPL
041 _aENG
082 _a820
_bMIN-T
100 _aMinimol V.A.
110 _aGuided by T.T. Thomas
111 _aMahatma Gandhi University Kottayam, Post Graduate Department of English and Research Centre, St. Thomas College Palai
245 _aTo be or not to be :
_bA critical study of Simone De Beauvoir's fictional works /
_cby Minimol V.A
260 _aPala :
_cOctober 2018
300 _a288p.
_bHB
650 _aEnglish
856 _uhttp://shodhganga.inflibnet.ac.in:8080/jspui/handle/10603/308117
942 _cTHE
942 _2ddc
_n0
942 _2ddc
_n0
999 _c75399
_d75399